LEADER 04677oam 22010574 450 001 9910788233303321 005 20230721045623.0 010 $a1-4623-4469-0 010 $a1-4527-0468-6 010 $a9786612841309 010 $a1-4518-7037-X 010 $a1-282-84130-0 035 $a(CKB)3170000000055077 035 $a(EBL)1607959 035 $a(SSID)ssj0000944130 035 $a(PQKBManifestationID)11503322 035 $a(PQKBTitleCode)TC0000944130 035 $a(PQKBWorkID)10982383 035 $a(PQKB)10631510 035 $a(OCoLC)466441313 035 $a(MiAaPQ)EBC1607959 035 $a(IMF)WPIEE2008179 035 $a(EXLCZ)993170000000055077 100 $a20020129d2008 uf 0 101 0 $aeng 181 $ctxt 182 $cc 183 $acr 200 10$aGermany?s Corporate Governance Reforms : $eHas the System Become Flexible Enough? /$fJürgen Odenius 210 1$aWashington, D.C. :$cInternational Monetary Fund,$d2008. 215 $a1 online resource (21 p.) 225 1 $aIMF Working Papers 300 $aDescription based upon print version of record. 311 $a1-4519-1490-3 327 $aContents; I. Introduction; II. Germany's Corporate Governance System; A. The Hallmarks of the System; Figure; 1. Equity Market Characteristics; B. Corporate Governance Reform: An Overview; III. The Effectiveness of Internal Control Mechanisms; Box; 1. The Societas Europea-A Step Towards More Flexible Corporate Governance?; IV. Conflict of Interest: Self-Dealing; V. External Control Mechanisms: The Market for Corporate Control; VI. Conclusions; References 330 3 $aThis article reviews Germany's corporate governance system and the effectiveness of recent reforms. Since the early 1990s far-reaching reforms have complemented the traditional stakeholder system with important elements of the shareholder system. Instead of taking a view on the superiority of either system, this article raises the important question whether these reforms created sufficient flexibility for the market to optimize its corporate governance structure within well established social and legal norms. It concludes that there is scope for enhancing flexibility in three core areas, relating to (i) internal control mechanisms, especially the flexibility of board structures; (ii) self-dealing; and (iii) external control, particularly take-over activity. 410 0$aIMF Working Papers; Working Paper ;$vNo. 2008/179 606 $aCorporate governance$zGermany 606 $aCorporate governance 606 $aFinance: General$2imf 606 $aMacroeconomics$2imf 606 $aPublic Finance$2imf 606 $aCorporate Governance$2imf 606 $aCorporate Finance and Governance: Government Policy and Regulation$2imf 606 $aLabor Economics: General$2imf 606 $aTaxation, Subsidies, and Revenue: General$2imf 606 $aGeneral Financial Markets: General (includes Measurement and Data)$2imf 606 $aCorporate governance$2imf 606 $arole & responsibilities of boards & directors$2imf 606 $aLabour$2imf 606 $aincome economics$2imf 606 $aPublic finance & taxation$2imf 606 $aFinance$2imf 606 $aLabor$2imf 606 $aInternal controls$2imf 606 $aLegal support in revenue administration$2imf 606 $aCapital markets$2imf 606 $aLabor economics$2imf 606 $aRevenue$2imf 606 $aCapital market$2imf 607 $aGermany$2imf 615 0$aCorporate governance 615 0$aCorporate governance. 615 7$aFinance: General 615 7$aMacroeconomics 615 7$aPublic Finance 615 7$aCorporate Governance 615 7$aCorporate Finance and Governance: Government Policy and Regulation 615 7$aLabor Economics: General 615 7$aTaxation, Subsidies, and Revenue: General 615 7$aGeneral Financial Markets: General (includes Measurement and Data) 615 7$aCorporate governance 615 7$arole & responsibilities of boards & directors 615 7$aLabour 615 7$aincome economics 615 7$aPublic finance & taxation 615 7$aFinance 615 7$aLabor 615 7$aInternal controls 615 7$aLegal support in revenue administration 615 7$aCapital markets 615 7$aLabor economics 615 7$aRevenue 615 7$aCapital market 676 $a658.4 700 $aOdenius$b Jürgen$01485172 801 0$bDcWaIMF 906 $aBOOK 912 $a9910788233303321 996 $aGermany?s Corporate Governance Reforms$93704162 997 $aUNINA LEADER 04452nam 22005895 450 001 9910300272303321 005 20200705022145.0 010 $a3-319-72628-5 024 7 $a10.1007/978-3-319-72628-1 035 $a(CKB)4100000002892203 035 $a(DE-He213)978-3-319-72628-1 035 $a(MiAaPQ)EBC5387486 035 $a(MiAaPQ)EBC5588886 035 $a(Au-PeEL)EBL5588886 035 $a(OCoLC)1029763455 035 $a(PPN)225553252 035 $a(EXLCZ)994100000002892203 100 $a20180323d2018 u| 0 101 0 $aeng 135 $aurnn|008mamaa 181 $ctxt$2rdacontent 182 $cc$2rdamedia 183 $acr$2rdacarrier 200 10$aDiagnostic Methods for Cirrhosis and Portal Hypertension /$fedited by Annalisa Berzigotti, Jaime Bosch 205 $a1st ed. 2018. 210 1$aCham :$cSpringer International Publishing :$cImprint: Springer,$d2018. 215 $a1 online resource (VIII, 341 p. 65 illus., 53 illus. in color.) 311 $a3-319-72627-7 327 $aIntroduction -- Cirrhosis and portal hypertension: natural history and prognosis.-Part I:Gold-standard invasive diagnostic methods -- Liver Biopsy -- Hepatic venous pressure measurement -- Endoscopy -- Part 2: non-invasive diagnostic methods -- Non-invasive serum markers of fibrosis -- Ultrasound elastography: general and technical overview -- Liver stiffness by ultrasound (transient) elastography -- Spleen stiffness by ultrasound elastography -- Magnetic resonance elastography -- Imaging: ultrasound and Doppler ultrasound -- Contrast-enhanced ultrasound and dynamic contrast-enhanced ultrasound -- Subharmonic aided pressure estimation (SHAPE) -- Endoscopic ultrasound -- Computerised Tomography -- Magnetic resonance imaging (including dynamic flow assessment) -- Part 3: invasive and non-invasive diagnostic methods in special conditions Budd-Chiari Syndrome -- Portal vein thrombosis and Extrahepatic portal vein obstruction- An Asian and Global Perspective -- Idiopathic portal hypertension -- Rendu-Osler disease and Artero-venous fistulae -- Pediatric population. 330 $aThis book provides a unique up-to-date and comprehensive overview of the most important diagnostic methods available for assessing liver cirrhosis and portal hypertension. The book covers all the significant advances made in the last 10 years in HVPG and biopsy interpretation, imaging and elastography. This is a unique and well structured book authored by senior experts in the field aimed at providing updated knowledge to the hepatology specialist and to the physicians interested in chronic liver disease. The book starts by giving an overview of the disease, outlining the clinical needs in this field; this is followed by detailed information both on the invasive gold-standard methods (HVPG measurement, liver biopsy, endoscopy), and on the standard and emerging non-invasive methods, including serum markers of fibrosis, ultrasound-elastography, magnetic resonance elastography, ultrasound, contrast-enhanced ultrasound, CT, magnetic resonance and derived methods (dynamic flow assessment). The final part of the book is devoted to diagnostic tests in non-cirrhotic causes of portal hypertension (Budd-Chiari Syndrome, Portal vein thrombosis, idiopathic portal hypertension, etc), and in pediatric portal hypertension. Written by a team of worldwide opinion leaders this book pays special attention to the most promising novel non-invasive methods in the field. 606 $aHepatology 606 $aRadiology 606 $aPathology 606 $aHepatology$3https://scigraph.springernature.com/ontologies/product-market-codes/H33088 606 $aImaging / Radiology$3https://scigraph.springernature.com/ontologies/product-market-codes/H29005 606 $aPathology$3https://scigraph.springernature.com/ontologies/product-market-codes/H4800X 615 0$aHepatology. 615 0$aRadiology. 615 0$aPathology. 615 14$aHepatology. 615 24$aImaging / Radiology. 615 24$aPathology. 676 $a616.36 702 $aBerzigotti$b Annalisa$4edt$4http://id.loc.gov/vocabulary/relators/edt 702 $aBosch$b Jaime$4edt$4http://id.loc.gov/vocabulary/relators/edt 801 0$bMiAaPQ 801 1$bMiAaPQ 801 2$bMiAaPQ 906 $aBOOK 912 $a9910300272303321 996 $aDiagnostic Methods for Cirrhosis and Portal Hypertension$91745040 997 $aUNINA